[Event "Budapest Spring Festival 2019"]
[Site "Budapest"]
[Date "2019.04.14"]
[Round "6.3"]
[White "Ter-Sahakyan, Samvel"]
[Black "Aryan, Chopra"]
[Result "1-0"]
[WhiteElo "2601"]
[BlackElo "2547"]
[Annotator "TA"]
[PlyCount "107"]
[EventDate "2019.04.09"]
[EventType "swiss"]
[EventCountry "HUN"]
[SourceTitle "playchess.com"]
[Source "ChessBase"]
[SourceQuality "1"]

{[%evp 15,107,42,38,33,39,38,31,21,64,30,56,42,41,49,41,45,59,59,63,27,35,27,31,29,23,17,38,20,25,41,58,45,72,58,74,42,50,48,66,39,80,65,71,81,79,58,82,44,89,66,58,53,64,78,177,125,133,137,212,108,275,146,336,383,346,385,319,300,391,383,436,436,436,412,463,462,458,451,434,427,464,464,457,457,527,527,527,527,511,450,525,518,525,516]} 1. e4 e5 2. Nf3 Nc6 3. Bb5 g6 4. c3 a6 5. Ba4 d6 6. d4 Bd7 7. Bg5 f6 8. Be3 Nh6 9. Bb3 {C76: Ruy Lopez: Deferred Steinitz: 5 c3 Bd7 6 d4 g6} Qe7 10. O-O Bg7 11. Re1 {White is slightly better.} Nf7 12. h3 $146 ({Predecessor:} 12. Nbd2 O-O 13. Bd5 Kh8 14. Qb3 Ncd8 15. Rad1 Rb8 16. Qa3 Be6 17. c4 exd4 18. Nxd4 {½-½ (62) Adams,M (2726)-Mamedyarov,S (2760) Wijk aan Zee 2008}) 12... O-O 13. Nbd2 Kh8 14. Nf1 Na5 15. Bc2 Nc4 16. Bc1 $1 b5 17. b3 Nb6 18. Ne3 a5 19. a4 bxa4 20. bxa4 Rfc8 21. h4 h5 22. c4 Rd8 23. Bb2 Nh6 24. Bc3 Qf7 25. Qe2 Ng4 26. Nd5 Nxd5 27. cxd5 Rdb8 28. Reb1 Rxb1+ 29. Rxb1 Qe8 30. dxe5 dxe5 31. Qc4 Qc8 32. Nd2 Bf8 $1 33. Nb3 c6 {White must now prevent ...cxd5.} 34. d6 $1 $36 {[%mdl 2048] Black is under strong pressure.} (34. Nxa5 $6 cxd5 35. exd5 Bc5 $11) 34... c5 (34... Bxd6 $16 35. Nc5 (35. Nxa5 Be6 $15) 35... Qc7) 35. Rd1 (35. Bxa5 Bxd6 36. Bb6 Rxa4 $11) (35. Qxc5 Bxa4 36. Bd1 Be8 $11) (35. Nxa5 $18 {Threatens to win with Rb7.} Be6 36. Qb5) 35... Be6 36. Qxc5 Qd7 {[#]} ({Don't blunder} 36... Bxb3 $2 37. Qxc8 Rxc8 38. d7 $18 (38. Bxb3 Rxc3 39. d7 Be7 $11)) (36... Nh6 $16 {was called for.}) 37. Bxa5 ({And not} 37. Nxa5 Rc8 $11) ({Only move:} 37. Qb6 $1 $18 Qxa4 38. f3) 37... Ra6 $2 (37... Rc8 $16 38. Bc7 Bxd6 39. Rxd6 Qxc7) 38. Qc7 ({Better is} 38. Bb4 $18) 38... Bxd6 $2 (38... Rxd6 $16 39. Rxd6 Bxd6 40. Qxd7 Bxd7) 39. Qxd7 $18 Bxd7 {[#]} 40. Bd3 $1 {[%cal Rd3a6]} Rxa5 41. Nxa5 Bxa4 {[#]} 42. Bc2 $1 {[%mdl 512]} Bc7 (42... Bxc2 43. Rxd6) 43. Bxa4 {And now Nc4 would win.} Bxa5 {[%mdl 4096] Endgame KRB-KBN} 44. Bd7 f5 45. exf5 {White is clearly winning.} Bb6 46. Rf1 Nf6 47. Be6 Ne4 48. fxg6 Kg7 49. Bd5 Nc3 50. Bf3 Kxg6 51. Re1 Bd4 52. g3 Kh6 53. Kg2 Kg6 54. Ra1 {Accuracy: White = 56%, Black = 35%.} 1-0

[Event "Budapest Spring Festival 2019"]
[Site "Budapest"]
[Date "2019.04.14"]
[Round "6.4"]
[White "Shyam, Sundar M."]
[Black "Timofeev, Artyom"]
[Result "1/2-1/2"]
[WhiteElo "2519"]
[BlackElo "2593"]
[Annotator "ChessBase"]
[PlyCount "29"]
[EventDate "2019.04.09"]
[EventType "swiss"]
[EventCountry "HUN"]
[SourceTitle "playchess.com"]
[Source "ChessBase"]
[SourceQuality "1"]
[TimeControl "40/5400+30:1800+30"]

1. e4 {[%emt 0:00:07]} d6 {[%emt 0:00:24]} 2. d4 {[%emt 0:00:06]} Nf6 {[%emt 0:00:06]} 3. Nc3 {[%emt 0:00:04]} g6 {[%emt 0:00:05]} 4. f4 {[%emt 0:00:03]} Bg7 {[%emt 0:00:16]} 5. Nf3 {[%emt 0:00:05]} O-O {[%emt 0:00:30]} 6. e5 {[%emt 0:00:05]} Nfd7 {[%emt 0:00:22]} 7. h4 {[%emt 0:05:14]} c5 {[%emt 0:00:20]} 8. h5 {[%emt 0:00:03]} cxd4 {[%emt 0:00:32]} 9. Qxd4 {[%emt 0:00:04]} dxe5 {[%emt 0:09:41]} 10. Qf2 {[%emt 0:00:06]} e4 {[%emt 0:12:13]} 11. Nxe4 {[%emt 0:11:21]} Nf6 {[%emt 0:01:30]} 12. Bd3 {[%emt 0:12:08]} Bf5 {[%emt 0:02:21]} 13. Nxf6+ {[%emt 0:10:35]} Bxf6 {[%emt 0:00:56]} 14. Bxf5 {[%emt 0:00:58]} gxf5 {[%emt 0:01:27]} 15. O-O {[%emt 0:07:42]} 1/2-1/2

[Event "Budapest Spring Festival 2019"]
[Site "Budapest"]
[Date "2019.04.14"]
[Round "6.5"]
[White "Gopal, G.N."]
[Black "Stupak, Kirill"]
[Result "1/2-1/2"]
[WhiteElo "2589"]
[BlackElo "2547"]
[Annotator "TA"]
[PlyCount "47"]
[EventDate "2019.04.09"]
[EventType "swiss"]
[EventCountry "HUN"]
[SourceTitle "playchess.com"]
[Source "ChessBase"]
[SourceQuality "1"]

{[%evp 17,47,24,31,31,29,31,62,33,47,31,27,24,18,16,19,19,22,23,30,0,0,-2,0,7,53,50,67,61,79,19,14,25]} 1. e4 e6 2. d4 d5 3. Nc3 dxe4 4. Nxe4 Nd7 5. Nf3 Ngf6 6. Nxf6+ Nxf6 7. c3 Be7 8. Bd3 O-O 9. Qe2 b6 10. Bf4 {C10: French with 3 Nc3: Unusual Black 3rd moves and 3...dxe4} Bb7 11. O-O-O Nh5 12. Be3 {White is slightly better.} Nf6 13. h4 Qd5 14. Kb1 Qh5 {[#]} 15. Rdg1 $146 ({Predecessor:} 15. Rh3 Be4 16. Bg5 Bxd3+ 17. Qxd3 h6 {1-0 (27) Kobalia,M (2632)-Stupak,K (2567) Moscow 2015}) 15... c5 16. Rh3 Be4 $1 17. Bxe4 Nxe4 18. Qc2 Qd5 19. c4 Qb7 20. dxc5 bxc5 21. Ng5 Nf6 $1 22. Bf4 h6 23. Rb3 (23. g4 $16) 23... Qc6 $11 24. Nf3 1/2-1/2

[Event "Budapest Spring Festival 2019"]
[Site "Budapest"]
[Date "2019.04.14"]
[Round "6.6"]
[White "Santos Latasa, Jaime"]
[Black "Arjun, Kalyan"]
[Result "0-1"]
[WhiteElo "2585"]
[BlackElo "2445"]
[Annotator "TA"]
[PlyCount "76"]
[EventDate "2019.04.09"]
[EventType "swiss"]
[EventCountry "HUN"]
[SourceTitle "playchess.com"]
[Source "ChessBase"]
[SourceQuality "1"]

{[%evp 18,76,40,12,14,12,6,6,12,18,14,4,16,0,0,-19,0,-27,-28,-41,-40,-127,-123,-128,-133,-322,-117,-116,-104,-112,-102,-223,-219,-210,-219,-221,-164,-149,0,-234,-204,-427,-460,-444,-452,-442,-437,-440,-431,-29952,-29961,-6527,-6527,-5597,-897,-29983,-29984,-29991,-941,-902,-830]} 1. e4 e5 2. Nf3 Nc6 3. Bc4 Bc5 4. O-O Nf6 5. d3 d6 6. c3 a6 7. a4 Ba7 8. Re1 O-O 9. h3 Ne7 10. Nbd2 Ng6 {C54: Giuoco Piano: 4 c3 Nf6, main lines with 5 d4 and 5 d3} 11. d4 c6 12. Bd3 exd4 {The position is equal.} 13. cxd4 $146 ({Predecessor:} 13. Nxd4 Re8 14. N2f3 Bd7 15. Bc2 d5 16. exd5 Rxe1+ 17. Qxe1 Nxd5 18. Bg5 {½-½ (41) Sjugirov,S (2660)-Eliseev,U (2606) St Petersburg 2016}) 13... d5 14. e5 Nh5 $1 15. Nf1 Nhf4 16. Ng3 f6 17. Bxf4 Nxf4 18. Bb1 fxe5 19. Nxe5 (19. Rxe5 $15 g6 20. Ra3) 19... Qh4 20. Nf3 Qh6 {White must now prevent ...Bxh3!} 21. Re5 $2 {[#]} (21. Re3 $17 {only move.}) 21... g6 $2 (21... Bxh3 $1 $19 {[%mdl 512] and Black stays clearly on top.} 22. gxh3 Nxh3+ 23. Kg2 Nxf2 $1 {[%mdl 512]}) 22. Ra3 $17 Bb8 $36 {[%mdl 2048] aiming for ...Bxh3. White is under strong pressure.} 23. Ree3 Bd6 24. Rac3 {[#]} (24. Rab3 $17) 24... Bxh3 $1 $19 {[%mdl 512]} 25. gxh3 Nxh3+ 26. Kg2 {and if Qh1 works, White does fine.} Nf4+ 27. Kg1 Nh3+ (27... Rf6 $17 28. Qe1 Bb4 29. Re8+ Rxe8 30. Qxe8+ Rf8) 28. Kg2 $1 {Qh1 would now be nice for White.} Nxf2 $1 {[%mdl 64] Deflection, Decoy} 29. Kxf2 $2 (29. Qg1 Ng4 30. Re6 Bxg3 31. Kxg3) 29... Qh2+ $1 {[%mdl 64] Double Attack} 30. Kf1 {Ne2 is the strong threat.} Bxg3 {[%csl Gg3][%cal Rh2f2]} 31. Rc2 Qh6 32. Ke2 Bf4 33. Rb3 (33. Rcc3 $19 Bxe3 34. Rxe3) 33... Rae8+ 34. Kf2 Be3+ 35. Kg2 Re4 (35... Qh5 $142 36. Kg3 Re4 37. Rxe3 {[%mdl 64] Remove Defender} Rxe3) 36. Nh2 Rh4 37. Nf1 {[#]} Rh1 (37... Rxf1 $142 $1 {[%mdl 512]} 38. Rxe3 (38. Qxf1 Rh2+) 38... Rxd1 39. Re8+ Kf7 40. Rf8+ {[%mdl 64] Decoy} Kxf8 41. Rf2+ Kg8 42. Rf8+ Qxf8 43. Bd3 Rd2+ {[%mdl 64] Double Attack} 44. Be2 Rxe2+ 45. Kg3 Qf4#) 38. Rxe3 Rhxf1 {Accuracy: White = 34%, Black = 65%.} 0-1

[Event "Budapest Spring Festival 2019"]
[Site "Budapest"]
[Date "2019.04.14"]
[Round "6.7"]
[White "Krzyzanowski, Marcin"]
[Black "Mikhalevski, Victor"]
[Result "0-1"]
[WhiteElo "2509"]
[BlackElo "2580"]
[Annotator "TA"]
[PlyCount "64"]
[EventDate "2019.04.09"]
[EventType "swiss"]
[EventCountry "HUN"]
[SourceTitle "playchess.com"]
[Source "ChessBase"]
[SourceQuality "1"]

{[%evp 17,64,0,0,0,1,1,12,-12,4,16,2,7,4,0,0,-30,0,0,2,-15,0,-66,-71,-55,-54,-50,-51,-89,-82,-82,-80,-81,-83,-97,-97,-108,-94,-98,-100,-151,-152,-208,-159,-314,-304,-2152,-2006,-29990,-29991]} 1. e4 e5 2. Nf3 Nc6 3. Bc4 Bc5 4. c3 Nf6 5. d4 exd4 6. e5 d5 7. Bb5 Ne4 8. cxd4 Bb6 9. Nc3 O-O 10. Be3 {C54: Giuoco Piano: 4 c3 Nf6, main lines with 5 d4 and 5 d3} Bg4 11. h3 Bh5 12. Qc2 {The position is equal.} Bg6 {Threatens to win with ...Nxc3.} 13. Qb3 Ne7 {[%cal Bc6e7,Be7f5,Bf5e3][%mdl 32]} 14. O-O c6 15. Be2 (15. Bd3 Nd2 16. Nxd2 Bxd3 17. Rfd1 Bg6 {0-1 (58) Aronian,L (2767)-Nakamura,H (2777) chess.com INT 2018}) 15... Nf5 $36 {[%mdl 2048] Black has some pressure.} 16. Na4 Nxe3 17. Qxe3 Bc7 $146 ({Predecessor:} 17... Ba5) 18. Nc3 f6 {aiming for ...fxe5.} 19. Nxe4 (19. Bd3 $11) 19... Bxe4 20. Nd2 fxe5 21. Nxe4 dxe4 22. Bc4+ Kh8 23. dxe5 b5 24. Bb3 Bxe5 25. Qxe4 Bxb2 26. Rad1 Qf6 ({But not} 26... Qe8 $6 27. Qc2 $11) 27. Bc2 {[%csl Gc2][%cal Re4h7]} g6 28. Qe3 {[#]} ({White should try} 28. Rd3) 28... c5 $1 $17 {[%mdl 512]} 29. Rd7 (29. Qd3 $17) (29. Qxc5 Rac8) 29... Bd4 30. Qg3 $2 (30. Qe7 $17 Qxe7 31. Rxe7) 30... Rae8 $19 31. Rxa7 $2 {[#]} (31. Qg4) 31... Re1 $1 {[%mdl 512]} 32. Qf3 (32. Rxe1 Bxf2+) 32... Bxf2+ $1 {Accuracy: White = 27%, Black = 75%.} 0-1

[Event "Budapest Spring Festival 2019"]
[Site "Budapest"]
[Date "2019.04.14"]
[Round "6.8"]
[White "Abdumalik, Zhansaya"]
[Black "Nisipeanu, Liviu-Dieter"]
[Result "1/2-1/2"]
[WhiteElo "2463"]
[BlackElo "2680"]
[Annotator "TA"]
[PlyCount "92"]
[EventDate "2019.04.09"]
[EventType "swiss"]
[EventCountry "HUN"]
[SourceTitle "playchess.com"]
[Source "ChessBase"]
[SourceQuality "1"]

{[%evp 24,92,0,0,21,21,14,9,22,0,45,0,0,0,52,-24,-18,-32,-34,-52,-58,-54,-53,-49,-56,-64,-73,-104,-55,-81,-41,-55,-62,-103,-103,-119,-108,-97,-92,-99,-69,-73,-69,-69,-69,-69,-69,-69,-69,-69,-69,-69,-69,-69,-69,-69,-69,-77,-77,-77,-77,-76,-11,-11,0,0,0,0,-8,-8,0]} 1. e4 e5 2. Nf3 d6 3. d4 exd4 4. Nxd4 Nf6 5. Nc3 Be7 6. Bc4 O-O 7. O-O c6 8. a4 Re8 {C41: Philidor Defence} (8... Nbd7 9. Ba2 Nc5 10. Re1 Re8 11. Qf3 Bg4 12. Qg3 Bf8 13. Bg5 Ne6 14. Nxe6 Bxe6 15. e5 dxe5 16. Rad1 {½-½ (55) Salgado Lopez,I (2627)-Alonso Rosell,A (2530) Linares 2017}) 9. Re1 Bf8 10. Bf1 a5 11. h3 Nbd7 12. g3 Nc5 13. Bg2 {LiveBook: 7 Games} Qb6 14. b3 h6 15. g4 $146 ({Predecessor:} 15. Bb2 Bd7 16. Qd2 Rad8 {0-1 (37) Wyss,T (2266)-Pikula,D (2494) Zuerich 2007}) 15... Bd7 16. Be3 Qb4 ({Don't play} 16... Nfxe4 17. Nxe4 Nxe4 18. Ne6 $1 $14 {[%mdl 512]}) 17. Na2 (17. Ndb5 $5) 17... Qb6 18. Nc3 $1 Qc7 ({Of course not} 18... Ncxe4 19. Nxe4 Nxe4 20. Ne6 $1 $16 {[%mdl 512]}) ({Black should try} 18... Qb4 $11 19. Na2 Qb6) 19. f3 (19. Bf4 $1 $14) 19... d5 $11 20. exd5 Nxd5 21. Nxd5 cxd5 22. Bf2 Rxe1+ 23. Qxe1 Ne6 24. c3 Rc8 25. Ne2 Re8 {And now ...Nf4 would win.} 26. Qd2 Bc5 27. Nd4 Qb6 28. Qb2 Nf4 29. Bf1 {[#]} h5 $1 30. b4 hxg4 31. hxg4 axb4 (31... Bf8 {with more complications.} 32. b5 Rc8 33. Qd2 Qh6 34. Be3 Bd6) 32. cxb4 {[#]} Re2 $1 {[%mdl 512]} 33. Qc3 (33. Nxe2 Bxf2+) 33... Bxb4 34. Nxe2 Nxe2+ 35. Bxe2 Bxc3 36. Bxb6 Bxa1 $15 {[%mdl 4096] Endgame KBB-KBB} 37. a5 Be5 38. Kf2 Bc8 39. Ke3 g5 40. Bd1 Kf8 41. Bb3 Be6 42. Ba4 Ke7 (42... f6 $17) 43. Bc5+ $11 {The position is equal.} Kf6 44. Bd4 Bc8 45. Bc2 Bd7 46. Bd3 Be6 {Precision: White = 57%, Black = 64%.} 1/2-1/2

[Event "Budapest Spring Festival 2019"]
[Site "Budapest"]
[Date "2019.04.14"]
[Round "6.9"]
[White "Srinath, Rao S.V."]
[Black "Markus, Robert"]
[Result "1/2-1/2"]
[WhiteElo "2416"]
[BlackElo "2600"]
[Annotator "TA"]
[PlyCount "63"]
[EventDate "2019.04.09"]
[EventType "swiss"]
[EventCountry "HUN"]
[SourceTitle "playchess.com"]
[Source "ChessBase"]
[SourceQuality "1"]

{[%evp 15,63,0,14,16,28,24,27,0,7,0,0,-45,-16,-21,-15,-12,-3,-7,-7,0,-2,0,0,-41,-41,-29,-24,-58,32,15,38,0,0,0,0,-31,-29,-22,-22,-30,-26,-22,47,-47,-56,-62,44,49,52,54]} 1. e4 {[%cal Be2e4,Be4e5][%mdl 32]} Nf6 2. e5 Nd5 3. d4 d6 4. c4 Nb6 5. exd6 exd6 6. Nc3 Nc6 7. Be3 Be7 8. Qd2 {B03: Alekhine's Defence: Four Pawns Attack} O-O {LiveBook: 5 Games} 9. b3 Re8 10. Be2 {White has an edge.} Bf6 11. h3 $146 ({Predecessor:} 11. Nf3 Bf5 12. O-O d5 13. c5 Nc8 14. h3 Bg6 15. Nh2 h5 {½-½ (39) Al Modiahki,M (2563)-Bauer,C (2626) Biel 2007}) 11... d5 {next ...dxc4 is good for Black.} 12. c5 Nd7 {[%cal Bb6d7,Bd7f8,Bf8e6][%mdl 32] Black wants to play ...Nxc5!} 13. Na4 Nf8 14. Nf3 Bf5 15. O-O Ne6 16. Bb5 Be4 17. Bxc6 $1 bxc6 18. Nh2 g5 19. Rad1 Bg7 20. Nc3 Bg6 21. Ne2 f5 ({Black should try} 21... Qe7 $1 $15) 22. f4 $14 {[%cal Rf4g5]} Qe7 23. Bf2 Nxc5 24. dxc5 {[#] Hoping for Nd4.} Qxe2 25. fxg5 Qxd2 26. Rxd2 Bc3 27. Rd3 Bb4 28. Bd4 f4 ({Better is} 28... Rab8 $11) 29. Rdd1 (29. Rdf3 $14 Re4 30. Rxf4) 29... Bc2 $15 30. Rc1 Re4 ({Black should play} 30... Bd3 $1 $15 31. Ng4 Bxf1 32. Nf6+ Kf7 33. Nxe8 Rxe8 34. Rxf1 Bd2) 31. Rxc2 $14 Rxd4 32. Ng4 {Precision: White = 48%, Black = 42%.} 1/2-1/2

[Event "Budapest Spring Festival 2019"]
[Site "Budapest"]
[Date "2019.04.14"]
[Round "6.10"]
[White "Savchenko, Boris"]
[Black "Asadli, Vugar"]
[Result "1/2-1/2"]
[WhiteElo "2575"]
[BlackElo "2454"]
[Annotator "TA"]
[PlyCount "132"]
[EventDate "2019.04.09"]
[EventType "swiss"]
[EventCountry "HUN"]
[SourceTitle "playchess.com"]
[Source "ChessBase"]
[SourceQuality "1"]

{[%evp 11,132,16,79,70,72,89,87,43,58,58,62,57,61,51,48,45,52,46,57,40,41,29,29,39,37,38,73,69,68,56,66,47,62,47,70,30,25,0,0,0,0,0,0,0,0,0,0,0,27,37,27,21,20,20,21,23,20,21,33,44,64,64,64,56,58,30,28,0,0,0,0,0,0,0,8,5,8,10,14,13,13,0,0,0,0,1,0,0,0,0,0,0,0,0,10,9,12,1,17,22,29,26,28,20,24,23,27,22,25,0,29,22,22,8,17,1,1,1,1,1,1,8,8]} 1. Nc3 e5 2. Nf3 {[%cal Bg1f3,Bf3d4,Bd4f5][%mdl 32]} Nc6 3. d4 exd4 4. Nxd4 Nf6 5. Bg5 Bc5 (5... Bb4 6. Qd3 h6 7. Bh4 Ne5 8. Qg3 Ng6 9. Bxf6 Qxf6 10. O-O-O Qg5+ 11. Qxg5 hxg5 12. Nd5 Ba5 13. b4 Bb6 14. c4 {0-1 (51) Khusnutdinov,R (2470)-Mamedyarov,S (2817) St Petersburg 2018}) 6. e3 {A00: Irregular Openings} h6 {LiveBook: 4 Games} (6... Nxd4 $11 {keeps the balance.} 7. exd4 Be7) 7. Bxf6 $1 $16 Qxf6 8. Nd5 {White is better.} Qd8 $146 ({Predecessor:} 8... Qe5 9. Nb5 O-O 10. Nbxc7 Rb8 11. c3 a6 12. b4 Ba7 13. a4 {1-0 (41) Spice,A (2159)-Smith,O (2015) Cardiff 2009}) 9. Nf5 Kf8 10. Qd2 d6 11. Ng3 Ne7 12. Nf4 Nf5 13. O-O-O Nxg3 14. hxg3 c6 15. b4 Bb6 16. Qxd6+ Qxd6 17. Rxd6 Ke7 18. Rd2 Bd7 19. Bc4 Rhd8 20. Rh5 Bg4 21. Rh4 Bf5 22. Ne2 a5 23. Rf4 Bg6 24. b5 Rxd2 25. Kxd2 Rd8+ $1 26. Bd3 cxb5 27. Nd4 Bxd3 28. Kxd3 $11 {[%mdl 4096] Endgame KRB-KRN} b4 29. Rf5 Rc8 30. Nb3 a4 31. Nc1 Bc5 32. Kd2 g6 33. Rf4 g5 34. Re4+ Kd6 $1 {[#] White must now prevent ...f5.} 35. g4 $1 h5 36. Nd3 hxg4 37. Rxg4 f6 38. f4 Rg8 39. e4 b6 $1 40. e5+ fxe5 $1 41. fxe5+ Ke6 42. Nxb4 b5 {[#] Strongly threatening ...Kf5.} (42... Kf5 $5 43. Rc4 $8 Rc8 $11) 43. Nd3 Be7 (43... Kf5 $5 44. Rg3 $8 Ba7 $14) 44. c4 bxc4 45. Rxc4 a3 46. Ke3 Rh8 47. Rc6+ Kd5 48. Rc7 Ke6 49. g3 Rh2 50. Nf2 g4 51. Rc2 Kf5 52. Kd4 Rh8 53. Rc7 Rd8+ 54. Kc3 Re8 55. Rc4 Kxe5 56. Nxg4+ Ke6 57. Ne3 Rd8 58. Re4+ Kf7 59. Rf4+ Ke6 60. Re4+ Kf7 61. Nc4 Rd1 {The position is equal.} 62. Re3 Ra1 63. Re2 Rg1 64. Ne5+ Kg7 65. g4 Rg3+ 66. Kc4 Bd6 {Precision: White = 58%, Black = 73%.} 1/2-1/2

[Event "Budapest Spring Festival 2019"]
[Site "Budapest"]
[Date "2019.04.14"]
[Round "6.11"]
[White "Taylor, Adam C"]
[Black "Hakobyan, Aram"]
[Result "1/2-1/2"]
[WhiteElo "2398"]
[BlackElo "2554"]
[Annotator "TA"]
[PlyCount "50"]
[EventDate "2019.04.09"]
[EventType "swiss"]
[EventCountry "HUN"]
[SourceTitle "playchess.com"]
[Source "ChessBase"]
[SourceQuality "1"]

{[%evp 24,50,-1,-20,-16,-23,0,0,0,0,0,0,0,0,0,-1,0,0,0,0,0,0,44,0,18,20,145,141,162]} 1. c4 g6 2. Nc3 Bg7 3. g3 Nf6 4. Bg2 O-O 5. Nf3 Nc6 6. d4 d6 7. O-O a6 8. b3 Rb8 9. Bb2 b5 10. cxb5 axb5 11. d5 Na5 12. Nd4 b4 13. Nb1 {[%cal Bc3b1,Bb1d2,Bd2c4][%mdl 32]} Bb7 {E63: King's Indian: Fianchetto: Panno Variation with 7...a6} 14. e4 Ba6 15. Re1 c5 {The position is equal.} 16. dxc6 e5 17. Nc2 $1 Nxc6 18. Nd2 Nd7 19. Ne3 $146 ({Predecessor:} 19. Bf1 Bxf1 20. Nxf1 Nb6 21. Nfe3 {½-½ (30) Jankovec,I (2209)-Shtyrenkov,V (2511) Karvina 2000}) 19... Nc5 20. Ndc4 Nd4 21. Rc1 Ra8 22. Nd5 Nc6 23. Re2 Bh6 24. f4 Ne6 (24... Bg7 $11) 25. Rf2 $16 Ned4 {Accuracy: White = 89%, Black = 44%.} 1/2-1/2

[Event "Budapest Spring Festival 2019"]
[Site "Budapest"]
[Date "2019.04.14"]
[Round "6.12"]
[White "Kayonde, Andrew"]
[Black "Gonda, Laszlo"]
[Result "0-1"]
[WhiteElo "2394"]
[BlackElo "2527"]
[Annotator "TA"]
[PlyCount "62"]
[EventDate "2019.04.09"]
[EventType "swiss"]
[EventCountry "HUN"]
[SourceTitle "playchess.com"]
[Source "ChessBase"]
[SourceQuality "1"]

{[%evp 9,62,0,26,-14,-7,-128,-23,-12,-13,-24,-26,-26,-25,-28,0,-2,0,-25,6,7,0,-47,-43,-39,-26,-17,-31,-24,-2,-19,0,0,0,0,0,-164,-179,-189,-182,-305,-302,-392,-387,-616,-441,-447,-441,-408,-394,-745,-698,-5189,-5269,-5261,-883]} 1. d4 Nf6 2. c4 e6 3. Nc3 Bb4 4. e3 b6 5. Nge2 Ne4 6. Qd3 {E44: Nimzo-Indian: Rubinstein: 4...b6 5 Ne2} (6. f3 {looks sharper.} Nxc3 7. Nxc3 c5 8. d5 O-O 9. Bd3) (6. Qc2 Bb7 7. a3 Bxc3+ 8. Nxc3 f5 9. f3 Nxc3 10. bxc3 O-O 11. Bd3 Qh4+ 12. Qf2 Qxf2+ 13. Kxf2 d6 14. a4 c5 15. a5 Nc6 16. axb6 axb6 {½-½ (37) Tregubov,P (2575)-Short,N (2678) Riadh 2017}) 6... Bb7 7. f3 $146 (7. h4 $11) ({Predecessor:} 7. d5 Qh4 8. Ng3 Bxc3+ 9. bxc3 Nxg3 10. fxg3 Qf6 11. Be2 O-O 12. Rf1 Qe7 13. e4 Na6 {1-0 (40) Kempinski,R (2498)-Handke,F (2455) Biel 2000}) 7... Nxc3 (7... Qh4+ $1 $17 8. g3 Nxg3 $1 {[%mdl 576] Discovered Attack} 9. Nxg3 Bxf3) 8. Nxc3 $11 {Black has an edge.} O-O 9. a3 Bxc3+ 10. Qxc3 Qh4+ 11. Ke2 c5 12. dxc5 bxc5 13. Bd2 Nc6 14. Be1 Qe7 15. Rc1 f5 16. b4 cxb4 17. axb4 a5 $36 {[%cal Ra5b4][%mdl 2048] Black is more active.} 18. b5 Nb4 {White must now prevent ...Na2.} 19. Qb3 Rfc8 20. Bd2 d5 21. Kf2 Qd6 22. cxd5 $2 (22. c5 $11 {and White is okay.} Rxc5 23. Rxc5 Qxc5 24. Be2) 22... Rxc1 $1 $19 ({Don't play} 22... Nxd5 $6 23. Rxc8+ Bxc8 24. Bc1 $11) (22... Bxd5 23. Qb2 $11) 23. Bxc1 {[#]} Rc8 $1 {[%cal Rc8c1]} ({Inferior is} 23... Nxd5 24. Be2 $11) ({And not} 23... Bxd5 24. Qc3 $11) 24. Ba3 (24. Be2 {was necessary.} Bxd5 25. Qd1) 24... Bxd5 25. Qb2 f4 {Strongly threatening ...fxe3+.} 26. Qd4 (26. Qd2 $142 fxe3+ 27. Qxe3 Rc2+ 28. Be2) 26... e5 27. Qd2 fxe3+ 28. Qxe3 Rc2+ 29. Kg1 $2 {[#]} (29. Be2 Bc4 30. Bxb4 axb4 31. Re1) 29... Rc3 $1 {[%cal Rc3e3][%mdl 512] Black is clearly winning.} 30. Bd3 (30. Qxc3 Qb6+) 30... Rxd3 31. Bxb4 Rxe3 {Accuracy: White = 38%, Black = 66%.} (31... axb4 $142 32. Qxd3 Qc5+ 33. Kf1 Bc4) 0-1

[Event "Budapest Spring Festival 2019"]
[Site "Budapest"]
[Date "2019.04.14"]
[Round "6.13"]
[White "Kantor, Gergely"]
[Black "Dixit, Nikhil"]
[Result "1/2-1/2"]
[WhiteElo "2505"]
[BlackElo "2302"]
[Annotator "TA"]
[PlyCount "65"]
[EventDate "2019.04.09"]
[EventType "swiss"]
[EventCountry "HUN"]
[SourceTitle "playchess.com"]
[Source "ChessBase"]
[SourceQuality "1"]

{[%evp 22,65,47,46,78,70,69,73,75,74,73,70,73,77,82,44,33,42,79,32,28,35,35,0,11,10,23,-35,-17,-42,0,0,-7,-31,0,0,4,0,33,36,52,35,47,0,0,0]} 1. d4 Nf6 2. c4 g6 3. g3 Bg7 4. Bg2 O-O 5. Nc3 d6 6. Nf3 Nbd7 7. O-O e5 8. e4 a6 9. Qc2 exd4 10. Nxd4 Rb8 11. Rd1 Re8 12. h3 c5 {E68: King's Indian: Fianchetto: 6...Nbd7 7 0-0 e5 8 e4} (12... c6 13. Bf4 Ne5 14. c5 Bf8 15. cxd6 Bxd6 16. Bxe5 Rxe5 17. Nf3 Qe7 18. Nxe5 Bxe5 19. Ne2 Be6 20. Rac1 {1-0 (35) Kovalenko,I (2700)-Maze,S (2582) Berlin 2015}) 13. Nf3 Qc7 14. Bf4 Ne5 {White is better.} 15. Nxe5 dxe5 16. Bg5 $146 ({Predecessor:} 16. Be3 b6 17. Nd5 Nxd5 18. cxd5 Bd7 19. Rac1 Qd6 20. Qe2 {½-½ (29) Kastner,W (2222)-Berchtold,C (2312) ICCF email 2011}) 16... h6 17. Be3 b6 18. Nd5 Nxd5 19. cxd5 Qd6 20. a4 a5 21. g4 Rf8 22. Ra3 f5 23. gxf5 gxf5 24. exf5 ({White should play} 24. Qe2 $11) 24... Bxf5 $15 25. Qe2 Rf6 26. Bd2 Rg6 {White should prevent ...e4.} 27. Rg3 Rxg3 (27... e4 $5) 28. fxg3 Qg6 29. Be1 Bc2 30. Rd2 $1 {[%cal Rd2c2]} Bxa4 31. d6 Bd7 32. g4 {[%mdl 1024] White has compensation.} Rf8 33. Rd1 {Accuracy: White = 60%, Black = 57%.} 1/2-1/2